• 首页
  • 本馆介绍
  • 公告通知
  • 最新文献
  • 馆藏检索
  • 电子资源
  • 读者导购
  • 参考咨询
  • 我的图书馆
  • 登录
  • 详细信息显示
  • 放入我的书架
  • 预约/预借图书
  • 作者相关作品
  • 分类相关作品
  • 丛书相关作品
  • 出版社相关作品

书目信息

  • 表格格式
  • 工作单格式
  • 卡片格式
题名:
制冷原理与技术
    
 
作者: 王如竹 编
分册:  
出版信息: 北京   科学出版社  2003
页数: 558页
开本: 24cm
丛书名:
单 册:
中图分类: TB6
科图分类:
主题词: 制冷--高等学校--教材 , 制冷技术--高等学校--教材 , 制冷 , 制冷技术
电子资源:
ISBN: 978-7-03-011342-9
000 00938nam0 2200289 45
001 1355390264
005 20130513150839.46
010    @a978-7-03-011342-9@dCNY58.00
100    @a20130108d2003 em y0chiy0110 ea
101 0  @achi
102    @aCN@b110000
105    @ay z 000yy
106    @ar
200 1  @a制冷原理与技术@AZhi Leng Yuan Li Yu Ji Shu@f王如竹等编@FWang Ru Zhu Deng Bian
210    @a北京@c科学出版社@d2003
215    @a558页@d24cm@e附光盘1片
300    @a21世纪高等院校教材
307    @a附光盘 ISBN 7-900122-84-2
330    @a本书在介绍制冷与低温的热力学基础上,讲述制冷技术、低温原理与技术、空气调节原理与技术,并介绍了制冷空调中的计算机仿真与控制。
606 0  @a制冷@x高等学校@j教材
606 0  @a制冷技术@x高等学校@j教材
606 0  @a制冷
606 0  @a制冷技术
690    @aTB6@v5
701  0 @a王如竹@AWang Ru Zhu@g(制冷技术)@4编
801    @aCN@bTANGWEI@c20130111
905    @b0830872-74@dTB6@e221@f3
    
    制冷原理与技术/王如竹等编.-北京:科学出版社,2003
    558页;24cm+附光盘1片
    21世纪高等院校教材
    
    ISBN 978-7-03-011342-9:CNY58.00
    本书在介绍制冷与低温的热力学基础上,讲述制冷技术、低温原理与技术、空气调节原理与技术,并介绍了制冷空调中的计算机仿真与控制。
●
相关链接 在E读中查询图书 在五车中查询图书 在当当中查询图书 在豆瓣中查询图书


正题名:制冷原理与技术     索取号:TB6/221         预约/预借

序号 登录号 条形码 馆藏地/架位号 状态 备注
1 0830872   208308721   第二样本阅览室/ [索取号:TB6/221] 在馆    
2 0830873   208308730   第三借阅区/ [索取号:TB6/221] 在馆    
3 0830874   208308749   第三借阅区/ [索取号:TB6/221] 在馆    
唐山师范学院图书馆 欢迎您!
大连网信软件有限公司© 版权所有